000 00440nam a22001697a 4500
005 20160518104523.0
008 160518b xxu||||| |||| 00| 0 eng d
020 _a978-81-7758-174-4
041 _aeng
082 _b2779
100 _aSharan Vyuptakesh
_9733
245 _aInternational Business Concept, Environment and Strategy
260 _aDelhi
_bPearson Education,
_c2006
300 _a538
650 _aManagement
_9241
942 _cBK
999 _c985
_d985